=LDR 00000nam 2200000 4500 =001 INLIS000000000005990 =005 20251030113124 =035 ##$$a 0010-1025001045 =007 ta =008 251030###########################0#ind## =082 ##$$a 342.598 =084 ##$$a 342.598 BAD k =100 #$$a BADAN KOORDINASI KELUARGA BERENCANA NASIONAL =245 1#$$a KEPUTUSAN PRESIDEN REPUBLIK INDONESIA /$c BADAN KOORDINASI KELUARGA BERENCANA NASIONAL =260 ##$:$b Badan Koordinasi Keluarga Berencana Nasional,$c 1993 =300 ##$$a 20 Hal : $b ilus ; $c 21 =650 #4$$a Keluarga Berencana =856 ##$$a Perpustakaan Kemendukbangga